00806 2200277 4500001002100000005001500021035002000036007000300056008004100059100001800100245009400118250000900212300005900221020002200280082001100302084001700313090001700330260004000347600001300387700002800400850001000428990002400438990002200462990002200484990002200506INLIS00000000000319220260528032007 a0010-0421000015ta260528 0 0 aMuhammad Ikba1 aSimple Hidroponik :bDimanapun kapanpun bisa bertanam dengan Hidroponik /cMuhammad Ikbal aEd.1 aviii, 148 hlm. :bilus. ;c24cmeBibliografi, hlm 149 a978-979-29-5996-3 a631.58 a631.58 MUH s a631.58 MUH s aYogyakarta :bLily Publisher,c2016 4aBudidaya0 aeditor, Sigit Suyantoro aPUPAD a27.9471/Br/DPK/2018 a27.947/P/DPK/2018 a27.948/P/DPK/2018 a27.949/P/DPK/2018